| 000 | 00465nam a2200181Ia 4500 | ||
|---|---|---|---|
| 003 | GCL | ||
| 008 | 140319s9999 xx 000 0 eng d | ||
| 040 |
_aGCL / _cGCL |
||
| 082 | 0 | 4 |
_a791.4303 _bS D |
| 100 | 1 | _aSADUAL, GEORGES | |
| 245 | 1 | 0 |
_aDICTIONNAIRE DES CINEASTES / _cSADUAL, GEORGES |
| 260 |
_a[S.N] : _bMICROCOSME ، _c1992 |
||
| 300 | _a347 P | ||
| 650 | 0 | 4 | _aMOTION PICTURES - DICTIONARY |
| 650 | 0 | 4 | _aDICTIONARIES |
| 650 | 0 | 4 | _aARTS |
| 942 |
_2ddc _cBK |
||
| 999 |
_c15913 _d15913 |
||